Biblioteca "Ernesto Sabato"
Facultad de Derecho y Ciencias Sociales
Facultad de Lenguas
Universidad Nacional del Comahue

Belle de Jour (Record no. 36092)

MARC details
000 -CABECERA
campo de control de longitud fija 01283nam a22001937a 4500
003 - IDENTIFICADOR DEL NÚMERO DE CONTROL
campo de control OSt
005 - FECHA Y HORA DE LA ÚLTIMA TRANSACCIÓN
campo de control 20230613101651.0
008 - DATOS DE LONGITUD FIJA--INFORMACIÓN GENERAL
campo de control de longitud fija 230613b ||||| |||| 00| 0 spa d
040 ## - FUENTE DE LA CATALOGACIÓN
Centro/agencia transcriptor Museo de la Comunicación Regional
100 ## - ENTRADA PRINCIPAL--NOMBRE DE PERSONA
Código de función/relación Luis Buñuel
245 ## - MENCIÓN DE TÍTULO
Título Belle de Jour
260 ## - PUBLICACIÓN, DISTRIBUCIÓN, ETC. (PIE DE IMPRENTA)
Lugar de publicación, distribución, etc. Francia-España
Nombre del editor, distribuidor, etc. Robert et Raymond, Hakim Paris Film, Productions Five Film
Fecha de publicación, distribución, etc. 1967
300 ## - DESCRIPCIÓN FÍSICA
Extensión VHS
306 ## - TIEMPO DE REPRODUCCIÓN/DURACIÓN
Tiempo de reproducción/duración 100 minutos
440 ## - MENCIÓN DE SERIE/PUNTO DE ACCESO ADICIONAL--TÍTULO
Número de parte o sección de la obra Videoteca pagina 30 nro. 59
500 ## - NOTA GENERAL
Nota general Belle de jour es una película francesa de 1967 dirigida por el hispano-mexicano Luis Buñuel,​ basada en la novela homónima del argentino -francés Joseph Kessel.​ «Belle de nuit» en francés es una expresión eufemística para referirse a una prostituta en un lenguaje políticamente correcto. También, «belle de jour» es el nombre de una planta, el dondiego de día, cuyas flores solo se abren de día: Kessel juega con los significados de esas palabras.<br/><br/>Escéptico sobre las posibilidades cinematográficas de la novela, Luis Buñuel aceptó llevarla a la gran pantalla con la condición de que se le dejara entera libertad para realizar la adaptación. Ganó un León de Oro en el Festival de Venecia de 1967
600 ## - PUNTO DE ACCESO ADICIONAL DE MATERIA--NOMBRE DE PERSONA
Fuente del encabezamiento o término Catherine Deneuve, Jean Sorel, Michel Piccoli
942 ## - ELEMENTOS DE PUNTO DE ACCESO ADICIONAL (KOHA)
Fuente del sistema de clasificación o colocación Dewey Decimal Classification
Tipo de ítem Koha JRR

No items available.

Facultad de Derecho y Ciencias Sociales | Universidad Nacional del Comahue | Mendoza y Perú General Roca | Río Negro CP (8332) | Patagonia Argentina | Teléfono: 54-0298-4433670 | | Fax: 0298-4432093 | Fax alumnos: 0298-4435700